|
|
|
|
| LEADER |
01552nam a2200313 a 4500 |
| 001 |
0020901 |
| 003 |
BD-DhAAL |
| 008 |
100927s1963 bg w 000 0 eng d |
| 040 |
|
|
|a BD-DhAAL
|c BD-DhAAL
|
| 082 |
0 |
0 |
|a 348.5492046
|2 22
|
| 130 |
0 |
|
|a DLR
|9 3986
|
| 245 |
0 |
4 |
|a The Dacca law reports :
|b table of cases of supreme court of Pakistan.
|n Volume XV /
|c Obaidul Huq Chowdhury, editor.
|
| 246 |
1 |
7 |
|a The Dhaka Law Reports.
|
| 260 |
|
|
|a Dacca [Bangladesh] :
|b Dacca Law Reports,
|c 1963.
|
| 300 |
|
|
|a iii, 532 p. :
|c 25 cm
|
| 362 |
0 |
|
|a Vol. 15 (1963)
|
| 500 |
|
|
|a "A journal of law reports."
|
| 500 |
|
|
|a Latest issue consulted: Vol.XV, January to December, 1963
|
| 526 |
|
|
|a SOL
|x Saira Rahman Khan,
Associate Professor
School of Law
BRAC University
|
| 541 |
|
|
|e 0020901, 0022293
|a Anupam Gyan Bhandar
|
| 590 |
|
|
|a Published yearly.
|
| 650 |
|
0 |
|a Law reports, digests, etc.
|z Bangladesh.
|9 3987
|
| 650 |
|
0 |
|a Law reports, digests, etc.
|z India
|z Bengal.
|9 3988
|
| 700 |
1 |
|
|a Chowdhury, Obaidul Haque.
|9 1137
|
| 852 |
4 |
|
|a Ayesha Abed Library
|
| 942 |
|
|
|2 ddc
|c 1HOUR
|0 3
|
| 999 |
|
|
|c 10658
|d 10658
|
| 952 |
|
|
|0 0
|1 0
|2 ddc
|4 0
|6 348_549204600000000_DAC
|7 0
|8 REF
|9 16025
|a BRACUL
|b BRACUL
|c REF
|d 2011-04-07
|l 2
|o 348.5492046 DAC
|p 3010022293
|r 2013-02-18
|s 2013-02-18
|t 2
|w 2011-04-07
|y 1HOUR
|
| 952 |
|
|
|0 0
|1 0
|2 ddc
|4 0
|6 348_549204600000000_DAC
|7 0
|8 REF
|9 23967
|a BRACUL
|b BRACUL
|c REF
|d 2014-03-18
|e Anupam Gyan Bhandar
|l 4
|o 348.5492046 DAC
|p 3010020901
|r 2020-03-04
|s 2020-03-04
|t 1
|w 2014-03-18
|y 1HOUR
|x Requisitioned by Saira Rahman Khan, Associate Professor, School of Law, BRAC University.
|